Mice and beans / (Record no. 4393)

MARC details
000 -LEADER
fixed length control field 01075cam a2200301 a 4500
005 - DATE AND TIME OF LATEST TRANSACTION
control field 20251023144345.0
020 ## - INTERNATIONAL STANDARD BOOK NUMBER
International Standard Book Number 9780439407113
040 ## - CATALOGING SOURCE
Original cataloging agency DLC
Transcribing agency DLC
Modifying agency DLC
Language of cataloging eng
050 00 - LIBRARY OF CONGRESS CALL NUMBER
Classification number PZ7.R9553
Item number 2001
082 00 - DEWEY DECIMAL CLASSIFICATION NUMBER
Classification number 557
100 1# - MAIN ENTRY--PERSONAL NAME
Personal name Ryan, Pam Muñoz
245 10 - TITLE STATEMENT
Title Mice and beans /
Statement of responsibility, etc. by Pam Muñoz Ryan ; illustrated by Joe Cepeda
250 ## - EDITION STATEMENT
Edition statement First edition
260 ## - PUBLICATION, DISTRIBUTION, ETC.
Place of publication, distribution, etc. New York :
Name of publisher, distributor, etc. Scholastic,
Date of publication, distribution, etc. 2001
300 ## - PHYSICAL DESCRIPTION
Extent 32 unnumbered pages :
Other physical details color illustrations ;
Dimensions 29 cm.
505 ## - FORMATTED CONTENTS NOTE
Formatted contents note O <br/>
520 ## - SUMMARY, ETC.
Summary, etc. In this rhythmic cumulative tale Rosa Maria spends the week getting ready for her granddaughter's birthday party and trying to avoid attracting mice--unaware that the mice in her walls are preparing for a party of their own.
521 ## - TARGET AUDIENCE NOTE
Target audience note 620 <br/>
Source Lexile <br/>
521 ## - TARGET AUDIENCE NOTE
Target audience note O <br/>
Source Raz-Plus <br/>
650 #1 - SUBJECT ADDED ENTRY--TOPICAL TERM
Topical term or geographic name entry element Mice
Form subdivision Fiction.
650 #1 - SUBJECT ADDED ENTRY--TOPICAL TERM
Topical term or geographic name entry element Grandmothers
Form subdivision Fiction.
650 #1 - SUBJECT ADDED ENTRY--TOPICAL TERM
Topical term or geographic name entry element Birthdays
Form subdivision Fiction.
650 #1 - SUBJECT ADDED ENTRY--TOPICAL TERM
Topical term or geographic name entry element Parties
Form subdivision Fiction.
700 1# - ADDED ENTRY--PERSONAL NAME
Personal name Cepeda, Joe
Relator term illustrator
906 ## - LOCAL DATA ELEMENT F, LDF (RLIN)
a 7
b cbc
c orignew
d 1
e ocip
f 20
g y-gencatlg
942 ## - ADDED ENTRY ELEMENTS (KOHA)
Source of classification or shelving scheme Dewey Decimal Classification
Koha item type Books
Suppress in OPAC No
999 ## -
-- 4393
-- 4393
Holdings
Withdrawn status Lost status Source of classification or shelving scheme Damaged status Not for loan Collection Home library Current library Shelving location Date acquired Total Checkouts Full call number Barcode Date last seen Price effective from Koha item type Copy number
    Dewey Decimal Classification     Juvenile Fiction Footprints International School Library Network Toul Tom Poung Campus Footprints International School Library Network Toul Tom Poung Campus TTP Primary Yellow Bookshelves 08/19/2024   RYA 557 PZ7.R9553 FISBK06177 08/19/2024 08/19/2024 Books  
    Dewey Decimal Classification     Juvenile Fiction Footprints International School Library Network Toul Tom Poung Campus Footprints International School Library Network Toul Tom Poung Campus TTP Primary Yellow Bookshelves 08/19/2024   RYA 557 PZ7.R9553 FIS05104 08/20/2025 08/19/2024 Books 2
    Dewey Decimal Classification     Juvenile Fiction Footprints International School Library Network Toul Tom Poung Campus Footprints International School Library Network Toul Tom Poung Campus TTP Primary Yellow Bookshelves 10/23/2025   RYA 557 PZ7.R9553 FISTK01942 10/23/2025 10/23/2025 Books 3